Loading...
| Science - Other | 0 | 7 | 0 | 3 | 70 | 85 | 114.57 | 1 | 4 | 0.00 | 0.00 |
| Science - Physics | 0 | 6 | 1 | 1 | 55 | 100 | 118.00 | 0 | 1 | 0.00 | 0.00 |
| Science - Chemistry | 0 | 5 | 1 | 1 | 45 | 14 | 95.20 | 1 | 2 | 0.00 | 0.00 |
| History - Other | 0 | 4 | 0 | 0 | 40 | 64 | 100.00 | 0 | 0 | 0.00 | 0.00 |
| Mythology | 0 | 4 | 0 | 1 | 40 | 123 | 136.25 | 0 | 2 | 0.00 | 0.00 |
| Literature - World | 0 | 3 | 1 | 1 | 25 | 111 | 124.67 | 1 | 1 | 0.00 | 0.00 |
| Science - Biology | 0 | 2 | 0 | 0 | 20 | 92 | 103.50 | 0 | 0 | 0.00 | 0.00 |
| History - World | 0 | 3 | 2 | 0 | 20 | 98 | 121.67 | 0 | 2 | 0.00 | 0.00 |
| Literature - British | 0 | 2 | 1 | 0 | 15 | 79 | 108.00 | 0 | 0 | 0.00 | 0.00 |
| Literature - European | 0 | 2 | 1 | 0 | 15 | 136 | 140.00 | 0 | 0 | 0.00 | 0.00 |
| Social Science | 0 | 2 | 2 | 1 | 10 | 91 | 107.50 | 0 | 1 | 0.00 | 0.00 |
| Fine Arts - Other | 0 | 1 | 0 | 0 | 10 | 135 | 135.00 | 0 | 1 | 0.00 | 0.00 |
| Fine Arts - Painting and Sculpture | 0 | 1 | 0 | 1 | 10 | 119 | 119.00 | 0 | 0 | 0.00 | 0.00 |
| History - American | 0 | 1 | 0 | 0 | 10 | 108 | 108.00 | 0 | 0 | 0.00 | 0.00 |
| Other Academic | 0 | 1 | 0 | 0 | 10 | 131 | 131.00 | 0 | 0 | 0.00 | 0.00 |
| Philosophy | 0 | 1 | 0 | 0 | 10 | 122 | 122.00 | 0 | 0 | 0.00 | 0.00 |
| Religion | 0 | 1 | 0 | 0 | 10 | 37 | 37.00 | 1 | 1 | 0.00 | 0.00 |
| Current Events | 0 | 1 | 0 | 0 | 10 | 94 | 94.00 | 0 | 1 | 0.00 | 0.00 |
| Literature - American | 0 | 1 | 1 | 1 | 5 | 158 | 158.00 | 0 | 0 | 0.00 | 0.00 |
| Geography | 0 | 0 | 0 | 0 | 0 | 0.00 | 0 | 0 | 0.00 | 0.00 | |
| Fine Arts - Classical Music | 0 | 1 | 2 | 0 | 0 | 112 | 112.00 | 0 | 0 | 0.00 | 0.00 |
| History - European | 0 | 1 | 4 | 0 | -10 | 20 | 20.00 | 1 | 1 | 0.00 | 0.00 |